• 首页
  • 本馆介绍
  • 公告通知
  • 最新文献
  • 馆藏检索
  • 电子资源
  • 读者导购
  • 参考咨询
  • 我的图书馆
  • 登录
  • 详细信息显示
  • 放入我的书架
  • 预约/预借图书
  • 作者相关作品
  • 分类相关作品
  • 丛书相关作品
  • 出版社相关作品

书目信息

  • 表格格式
  • 工作单格式
  • 卡片格式
题名:
学前儿童交通安全读本
    
 
作者: 槐业义 , 史玲 主编
分册: 下册  
出版信息: 深圳   海天出版社  2002
页数: 38页
开本: 26cm
丛书名:
单 册:
中图分类: X951 , G610
科图分类:
主题词: 交通安全教育--教材 , 学前教育--教材 , 教育--各级
电子资源:
ISBN: 7-80654-729-0
000 01339nam0 2200313 450
000 01327nam0 2200301 450
000 01260nam0 2200277 450
000 01223nam0 2200265 45
005 20070529162208.87
010    @a7-80654-729-0@dCNY13.00
100    @a20051101d2002 ekmy0chiy0120 ea
101 2  @achi@aeng
102    @aCN@b440000
105    @aa z 000yy
200 1  @a学前儿童交通安全读本@AXue Qian Er Tong Jiao Tong An Quan Dou Ben@dTextbook on traffic safety for preschool pupils@e汉语拼音 中英文对照@EHan Yu Pin Yin Zhong Ying Wen Dui Zhao@f槐业义,史玲主编@h下册@FHuai Ye Yi, Shi Ling Zhu Bian@zeng
210    @a深圳@c海天出版社@d2002
215    @a38页@c图@d26cm
300    @a儿童安全教育系列教材
330    @a《学前儿童交通安全读本》分上下册,遵循儿童教育的特点,以故事画形式,文字采用拼音、汉字、英文相对照,介绍了日常生活中最基本的交通安全常识,指导儿童如何规范交通安全行为,防范交通事故,学会保护自己。本书画面生动活泼,加上朗朗上口的儿歌及口诀,更增添孩子们的学习兴趣。
510 1  @aTextbook on traffic safety for preschool pupils@zeng
606 0  @a交通安全教育@j教材
606 0  @a学前教育@j教材
606 0  @a教育@x各级
690    @aX951@v4
690    @aG610@v3
701  0 @a槐业义@AHuai Ye Yi@4主编
701  0 @a史玲@AShi Ling@4主编
801  0 @aCN@bFYSX@c20070529
905    @a10447@dG610@e134:2
    
    学前儿童交通安全读本=Textbook on traffic safety for preschool pupils:汉语拼音 中英文对照/槐业义,史玲主编.下册.-深圳:海天出版社,2002
    38页:图;26cm
    儿童安全教育系列教材
    
    ISBN 7-80654-729-0:CNY13.00
    《学前儿童交通安全读本》分上下册,遵循儿童教育的特点,以故事画形式,文字采用拼音、汉字、英文相对照,介绍了日常生活中最基本的交通安全常识,指导儿童如何规范交通安全行为,防范交通事故,学会保护自己。本书画面生动活泼,加上朗朗上口的儿歌及口诀,更增添孩子们的学习兴趣。
●
相关链接 在E读中查询图书 在五车中查询图书 在当当中查询图书 在豆瓣中查询图书


正题名:学前儿童交通安全读本     索取号:G610/134:2         预约/预借

序号 登录号 条形码 馆藏地/架位号 状态 备注
1 0510877   205108774   第一样本阅览室/ [索取号:G610/134:2] 在馆    
2 0510878   205108783   教育系资料室/ [索取号:G610/134:2] 在馆    
3 0510879   205108792   第四借阅区/ [索取号:G610/134:2] 在馆    
4 0510880   205108809   教育系资料室/ [索取号:G610/134:2] 在馆    
5 0510881   205108818   教育系资料室/ [索取号:G610/134:2] 在馆    
6 0510882   205108827   第四借阅区/ [索取号:G610/134:2] 在馆    
7 0510883   205108836   教育系资料室/ [索取号:G610/134:2] 在馆    
8 0510884   205108845   教育系资料室/ [索取号:G610/134:2] 在馆    
唐山师范学院图书馆 欢迎您!
大连网信软件有限公司© 版权所有